Manual de Fisiología de la Sangre / (Registro nro. 289)

Detalles MARC
000 -LEADER
fixed length control field 01074 am a2200337 a 4500
005 - FECHA ULTIMA MODIFICACION
control field 20240517115405.0
008 - CAMPO DE CONTROL (LIBRO)
fixed length control field 100504s1996||||ag d f |||| 000 0 spa d
020 ## - INTERNATIONAL STANDARD BOOK NUMBER
ISBN S/N
041 ## - CODIGO DE IDIOMA
Código de idioma del texto/pista de sonido o título separado spa
092 ## - SIGNATURA TOPOGRAFICA DEWEY LOCAL
número de clasificación 612.1
libristica 51
sección MAN
245 ## - TITULO PROPIAMENTE DICHO
Título Manual de Fisiología de la Sangre /
Mención de responsabilidad y remanente de la transcripción de la portada Luís O. Carreras
250 ## - MENCION DE EDICION
Mención de edición 2a ed. Corregida y actualizada.
260 ## - PIE DE IMPRENTA
Lugar de publicación, distribución, etc Buenos Aires:
Nombre de la editorial, distribuidor, etc S/N;
Fecha de publicación 1996.
300 ## - DESCRIPCION FISICA
Extension 308 p.
Otros detalles físicos il.
500 ## - NOTA GENERAL
Nota general Carreras, L. O. et al. (1996). Manual de Fisiología de la Sangre. (2a ed.). Buenos Aires : S/N.
590 ## - NOTAS LOCALES (RLIN)
Nota local Donación Cecilia Fontana, 2007
653 ## - TÉRMINO INDIZADO - PALABRAS CLAVES
Palabra clave Estructura y función de la sangre
653 ## - TÉRMINO INDIZADO - PALABRAS CLAVES
Palabra clave Médula osea
653 ## - TÉRMINO INDIZADO - PALABRAS CLAVES
Palabra clave Hematopoyesis
653 ## - TÉRMINO INDIZADO - PALABRAS CLAVES
Palabra clave Glóbulos rojos
653 ## - TÉRMINO INDIZADO - PALABRAS CLAVES
Palabra clave Fisiología de los leucocitos
653 ## - TÉRMINO INDIZADO - PALABRAS CLAVES
Palabra clave Papel de la sangre en los mecanismos de defensa
653 ## - TÉRMINO INDIZADO - PALABRAS CLAVES
Palabra clave Hemostásia y coagulación
700 1# - ENTRADAS SECUNDARIAS - NOMBRE PERSONAL
Nombre personal Carreras, Luis O.
9 (RLIN) 241
700 1# - ENTRADAS SECUNDARIAS - NOMBRE PERSONAL
Nombre personal Mide, Susana.
9 (RLIN) 242
700 1# - ENTRADAS SECUNDARIAS - NOMBRE PERSONAL
Nombre personal Moguilevsky, Jaime A.
9 (RLIN) 243
700 1# - ENTRADAS SECUNDARIAS - NOMBRE PERSONAL
Nombre personal Fassi, Daniel O.
9 (RLIN) 244
930 ## - NUMERO DE INVENTARIO
Número de inventario 1819
930 ## - NUMERO DE INVENTARIO
Número de inventario 245
942 ## - ADDED ENTRY ELEMENTS (KOHA)
Source of classification or shelving scheme Dewey Decimal Classification
Item type Libros
Existencias
Estado de retiro Existencia Estado general No para prestamo Ubicación permanente ubicación actual Sala de ubicación Fecha de adquisición Total Checkouts Número de clasificación Código de barras Date last seen Número de ejemplar Price effective from Koha tipo de elemento (item)
        Biblioteca Medicina Biblioteca Medicina Circulación 13/05/2011   612.1 51 MAN 1819 06/11/2014 ej.2 13/05/2011 Libros
        Biblioteca Medicina Biblioteca Medicina Circulación 13/05/2011   612.1 51 MAN 245 06/11/2014 ej.1 13/05/2011 Libros

UNIVERSIDAD NACIONAL DEL COMAHUE
Biblioteca de la Facultad de Ciencias Médicas
Sede Toschi: Los Arrayanes y Av. Toschi, Cipolletti  - Rio Negro
Sede Los Tordos:  Yrigoyen al 2211, Cipolletti - Rio Negro 

Teléfono: 0299 - 4774707 int 25
Contacto: biblioteca@facimed.uncoma.edu.ar
© 2011 - 2026